| 000 | 00415nam a2200157Ia 4500 | ||
|---|---|---|---|
| 008 | 221030s9999 xx 000 0 und d | ||
| 020 | _a9353532896 | ||
| 041 | _aEnglish | ||
| 100 | _aK. A. Lambert | ||
| 245 | 0 |
_aFundamentals of Python : First Programs _cby K. A. Lambert, M. Osborne |
|
| 260 |
_bCengage Learning _aDelhi _c2021 |
||
| 300 | _a476 | ||
| 650 | _aBE Computer | ||
| 700 | _aM. Osborne | ||
| 942 | _cBK | ||
| 999 |
_c18709 _d18709 |
||